| 000 | 004360000a22001690004500 | ||
|---|---|---|---|
| 003 | MACL | ||
| 005 | 20150708153501.0 | ||
| 008 | 150708b xxu||||| |||| 00| 0 eng d | ||
| 040 |
_aMACL _cMACL |
||
| 082 | _a305.4/NAI | ||
| 100 |
_aNair, Sapna Sachdeva _91473 |
||
| 245 |
_aWorking Women _bA Psychological Perspective |
||
| 260 |
_bCommonwealth _c2006 _aDelhi |
||
| 350 | _a425 | ||
| 650 |
_aSociology _919 |
||
| 942 |
_cBK _k305.4/NAI _2ddc |
||
| 999 |
_c42249 _d42249 |
||